Statistics for Nottingham Forest Squad 2023/24

Click here to take the quiz!

General Stats

  • This quiz has been taken 3 times
    (2 since last reset)
  • The average score is 27 of 36

Answer Stats

NumberPlayer% Correct
12Andrey Santos
100%
21Anthony Elanga
100%
14Callum Hudson-Odoi
100%
11Chris Wood
100%
28Danilo
100%
15Harry Toffolo
100%
6Ibrahim Sangaré
100%
4Joe Worrall
100%
1Matt Turner
100%
10Morgan Gibbs-White
100%
19Moussa Niakhaté
100%
7Neco Williams
100%
3Nuno Tavares
100%
43Ola Aina
100%
5Orel Mangala
100%
22Ryan Yates
100%
26Scott McKenna
100%
24Sèrge Aurier
100%
9Taiwo Awoniyi
100%
13Wayne Hennessey
100%
30Willy Boly
100%
17Alex Mighten
50%
41Brandon Aguilera
50%
8Cheikhou Kouyaté
50%
27Divock Origi
50%
18Felipe
50%
2Giulian Biancone
50%
29Gonzalo Montiel
50%
35Hwang Ui-Jo
50%
40Murillo
50%
16Nicolás Domínguez
50%
23Odysseas Vlachodimos
50%
32Andrew Omobamidele
0%
25Emmanuel Dennis
0%
34Ethan Horvath
0%
38George Shelvey
0%

Score Distribution

Percentile by Number Answered

Percent of People with Each Score

Your Score History

You have not taken this quiz since the last reset